[Event "5. Int. Neckar-Open (B)"]
[Site "Deizisau"]
[Date "2001.04.13"]
[Round "3"]
[White "Malovrh, Alojz"]
[Black "Bogner, Norbert"]
[Result "0-1"]
[WhiteElo "1808"]
[BlackElo "1906"]
[PlyCount "98"]

1. e4 c5 2. Nf3 Nc6 3. d4 cxd4 4. Nxd4 Nf6 5. Nc3 e5 6. Ndb5 d6 7. Bg5 a6 8.
Na3 b5 9. Nd5 Be7 10. Bxf6 gxf6 11. c3 f5 12. Bd3 Be6 13. Nxe7 Nxe7 14. exf5
Nxf5 15. Bxf5 Bxf5 16. O-O O-O 17. Nc2 Be6 18. Qd2 Qe7 19. Ne3 f5 20. f4 Kh8
21. Rad1 Rad8 22. Nd5 Qb7 23. Rf3 e4 24. Qd4+ Qg7 25. Rf2 Qxd4 26. Rxd4 Bxd5
27. Rxd5 Rf6 28. Rfd2 Kg7 29. Kf2 h5 30. g3 Kf7 31. a4 bxa4 32. Ra5 d5 33.
Rdxd5 Rxd5 34. Rxd5 Kg6 35. c4 Rb6 36. Rd2 Rc6 37. Rc2 Kf6 38. Ke3 Ke6 39. Kd4
Rc8 40. c5 Rd8+ 41. Kc4 Rd3 42. Kb4 Kd7 43. Kxa4 Kc6 44. Ka5 e3 45. Re2 Kxc5
46. Rc2+ Kd4 47. Rc8 e2 48. Rd8+ Ke3 49. Re8+ Kf2 0-1

[Event "5. Int. Neckar-Open (B)"]
[Site "Deizisau"]
[Date "2001.04.13"]
[Round "3"]
[White "Heizmann, Udo"]
[Black "Wagner, Gerd"]
[Result "0-1"]
[WhiteElo "1815"]
[BlackElo "1934"]
[PlyCount "60"]

1. d4 Nf6 2. e3 g6 3. Bd3 Bg7 4. Ne2 O-O 5. O-O d6 6. Ng3 e5 7. c3 h5 8. Qb3 h4
9. Ne4 c6 10. f3 Nxe4 11. Bxe4 d5 12. Bd3 Nd7 13. c4 dxc4 14. Qxc4 Nb6 15. Qc2
exd4 16. e4 Be6 17. b4 f5 18. a4 fxe4 19. fxe4 Rxf1+ 20. Kxf1 Qf6+ 21. Kg1 Rf8
22. Qe2 Nd7 23. Ra3 Ne5 24. Nd2 Bh6 25. h3 Be3+ 26. Kh1 Qf2 27. Qd1 Nxd3 28.
Rxd3 Bc4 29. Rxe3 dxe3 30. Nxc4 e2 0-1

[Event "5. Int. Neckar-Open (A)"]
[Site "Deizisau"]
[Date "2001.04.14"]
[Round "4"]
[White "Niklasch, Oliver"]
[Black "Graf, Alexander"]
[Result "1/2-1/2"]
[WhiteElo "2325"]
[BlackElo "2649"]
[PlyCount "55"]

1. d4 g6 2. c4 Bg7 3. g3 c5 4. d5 d6 5. Bg2 b5 6. cxb5 a6 7. bxa6 Nf6 8. Nc3
O-O 9. Nf3 Bf5 10. Nh4 Bd7 11. O-O Nxa6 12. h3 Nc7 13. Rb1 Qc8 14. Kh2 Nb5 15.
Nxb5 Bxb5 16. a3 Ra4 17. b3 Rd4 18. Qc2 Rxd5 19. Bxd5 Nxd5 20. Bb2 Qe6 21. Bxg7
Kxg7 22. Rbe1 Bd7 23. Rh1 Qxh3+ 24. Kg1 Qe6 25. Nf3 Nf6 26. Rh4 h6 27. Qc1 Rh8
28. b4 1/2-1/2

[Event "5. Int. Neckar-Open (A)"]
[Site "Deizisau"]
[Date "2001.04.14"]
[Round "4"]
[White "Tregubov, Pavel"]
[Black "Brendel, Oliver"]
[Result "1-0"]
[WhiteElo "2628"]
[BlackElo "2389"]
[PlyCount "59"]

1. d4 Nf6 2. c4 g6 3. g3 Bg7 4. Bg2 d5 5. cxd5 Nxd5 6. e4 Nb6 7. Ne2 e5 8. d5
c6 9. Nbc3 O-O 10. O-O cxd5 11. exd5 Na6 12. b3 f5 13. Ba3 Rf7 14. Qd3 Bd7 15.
d6 Be6 16. Rad1 Qe8 17. Rfe1 Rd8 18. Qb5 Rfd7 19. Qa5 Qf7 20. Nb5 f4 21. Nec3
f3 22. Bf1 Rc8 23. Ne4 Qf5 24. Nc7 Rcxc7 25. dxc7 Rxd1 26. Rxd1 Qxe4 27. Qb5
Nxc7 28. Rd8+ Kf7 29. Qc5 Ne8 30. Rxe8 1-0

[Event "5. Int. Neckar-Open (A)"]
[Site "Deizisau"]
[Date "2001.04.14"]
[Round "4"]
[White "Namyslo, Holger"]
[Black "Ftacnik, Lubomir"]
[Result "0-1"]
[WhiteElo "2315"]
[BlackElo "2618"]
[PlyCount "90"]

1. e4 c5 2. Nf3 d6 3. d4 cxd4 4. Nxd4 Nf6 5. Nc3 a6 6. Bg5 Nbd7 7. Bc4 Qa5 8.
Qd2 e6 9. O-O-O b5 10. Bxe6 fxe6 11. Nxe6 Kf7 12. Nxf8 Rxf8 13. Qxd6 b4 14. Nd5
Qxa2 15. Qe7+ Kg8 16. Bxf6 Nxf6 17. Nxf6+ gxf6 18. Rd3 Qf7 19. Qxb4 Be6 20.
Rhd1 Rac8 21. Rg3+ Kh8 22. Rc3 Rb8 23. Qa3 Qg6 24. Rg3 Qxe4 25. Qe7 Qf4+ 26.
Rd2 Bg4 27. Re3 Rfe8 28. Qc5 Qxh2 29. b3 Rxe3 30. Qxe3 Qe5 31. Qxe5 fxe5 32.
Rd6 Rf8 33. f3 Bc8 34. Kd2 Rg8 35. g4 Bb7 36. Rf6 Kg7 37. Rf5 Re8 38. Ke3 h6
39. c4 Rf8 40. Rxe5 Rxf3+ 41. Kd4 Rxb3 42. c5 Kf6 43. Rh5 Kg6 44. Ke5 Bf3 45.
Rh3 Bd1 0-1

[Event "5. Int. Neckar-Open (A)"]
[Site "Deizisau"]
[Date "2001.04.14"]
[Round "4"]
[White "Braun, Arik"]
[Black "Rogers, Ian"]
[Result "0-1"]
[WhiteElo "2161"]
[BlackElo "2529"]
[PlyCount "42"]

1. d4 g6 2. c4 Bg7 3. Nf3 d6 4. e4 e5 5. d5 f5 6. Nc3 Nf6 7. Bd3 O-O 8. O-O Na6
9. Nd2 f4 10. Rb1 g5 11. Re1 g4 12. Nf1 Nh5 13. b4 f3 14. g3 Nf4 15. Ne3 Nh3+
16. Kf1 Qe8 17. Qd2 Qh5 18. Rd1 Nf4 19. Kg1 Rf6 20. Nf1 Qh3 21. Ne3 Rh6 0-1

[Event "5. Int. Neckar-Open (A)"]
[Site "Deizisau"]
[Date "2001.04.14"]
[Round "4"]
[White "Horvath, Joszef"]
[Black "Wegerle, Joerg"]
[Result "1-0"]
[WhiteElo "2551"]
[BlackElo "2303"]
[PlyCount "49"]

1. c4 c6 2. e4 d5 3. cxd5 cxd5 4. exd5 Qxd5 5. Nc3 Qd6 6. d4 e6 7. Nf3 Nf6 8.
Bd3 a6 9. O-O Be7 10. a3 O-O 11. Qe2 Nc6 12. Be3 b5 13. Ne4 Nxe4 14. Bxe4 Bb7
15. Rac1 Rac8 16. b4 f5 17. Bb1 Nb8 18. Bf4 Bxf3 19. gxf3 Qd7 20. Ba2 Rf6 21.
Rxc8+ Qxc8 22. Rc1 Rg6+ 23. Kf1 Qd7 24. Bxb8 Bg5 25. Rc7 1-0

[Event "5. Int. Neckar-Open (A)"]
[Site "Deizisau"]
[Date "2001.04.14"]
[Round "4"]
[White "Kekelidze, Mikheil"]
[Black "Wippermann, Till"]
[Result "1/2-1/2"]
[WhiteElo "2512"]
[BlackElo "2292"]
[PlyCount "48"]

1. d4 g6 2. e4 Bg7 3. Nc3 c5 4. d5 d6 5. Nf3 Bg4 6. Be2 Nd7 7. O-O Ngf6 8. Nd2
Bxe2 9. Qxe2 O-O 10. Nc4 Nb6 11. Nxb6 Qxb6 12. a4 Rfe8 13. a5 Qd8 14. Bg5 Qd7
15. h3 h6 16. Bd2 e6 17. Qd3 exd5 18. exd5 Rab8 19. Rfe1 Rxe1+ 20. Rxe1 b6 21.
axb6 axb6 22. Ne4 Re8 23. b3 Nxe4 24. Rxe4 Rxe4 1/2-1/2

[Event "5. Int. Neckar-Open (A)"]
[Site "Deizisau"]
[Date "2001.04.14"]
[Round "4"]
[White "Reuss, Andreas"]
[Black "Schlosser, Philipp"]
[Result "1/2-1/2"]
[WhiteElo "2295"]
[BlackElo "2511"]
[PlyCount "75"]

1. Nf3 c5 2. c3 Nf6 3. d4 e6 4. Nbd2 d5 5. e3 Nc6 6. Bd3 Qc7 7. O-O Be7 8. Re1
O-O 9. e4 dxe4 10. Nxe4 cxd4 11. cxd4 Rd8 12. Qc2 Ne8 13. Neg5 g6 14. Be3 Nb4
15. Qd2 Nxd3 16. Qxd3 Ng7 17. Ne4 Bd7 18. Bg5 Bc6 19. Nf6+ Bxf6 20. Bxf6 Rd5
21. Ne5 Ne8 22. Ng4 Qf4 23. Re4 Qd6 24. Be5 Qe7 25. Rf4 f5 26. Ne3 Rd7 27. h4
Rad8 28. Qb3 Nf6 29. Rxf5 gxf5 30. Nxf5 Qe8 31. Bxf6 Qg6 32. Qxe6+ Kf8 33. Be7+
Ke8 34. Bf6+ Kf8 35. Be7+ Ke8 36. Bf6+ Kf8 37. Be7+ Ke8 38. Bf6+ 1/2-1/2

[Event "5. Int. Neckar-Open (A)"]
[Site "Deizisau"]
[Date "2001.04.14"]
[Round "4"]
[White "Bezold, Michael"]
[Black "Baramidze, David"]
[Result "1/2-1/2"]
[WhiteElo "2510"]
[BlackElo "2265"]
[PlyCount "23"]

1. g3 g6 2. Bg2 Bg7 3. Nf3 c5 4. O-O Nc6 5. c4 e6 6. Nc3 Nge7 7. a3 d5 8. cxd5
exd5 9. d3 O-O 10. Bd2 a6 11. Rc1 b5 12. b3 1/2-1/2

[Event "5. Int. Neckar-Open (A)"]
[Site "Deizisau"]
[Date "2001.04.14"]
[Round "4"]
[White "Juergens, Peter"]
[Black "Balinov, Ilija"]
[Result "0-1"]
[WhiteElo "2290"]
[BlackElo "2482"]
[PlyCount "82"]

1. e4 c5 2. Nc3 Nc6 3. g3 g6 4. Bg2 Bg7 5. d3 e6 6. f4 Nge7 7. Nf3 O-O 8. O-O
d6 9. Be3 b6 10. d4 d5 11. exd5 exd5 12. dxc5 Bg4 13. Bf2 d4 14. Ne4 Qd7 15.
cxb6 axb6 16. c3 Qf5 17. Re1 dxc3 18. bxc3 Qh5 19. Qd3 Rad8 20. Nd4 Nf5 21.
Rab1 Ncxd4 22. cxd4 Nxd4 23. Bxd4 Rxd4 24. Qf1 Qa5 25. Kh1 Rfd8 26. Qb5 Qxb5
27. Rxb5 Rd1 28. Rb1 Rxe1+ 29. Rxe1 Be6 30. a3 h6 31. h3 Rd3 32. Rb1 Bd4 33.
Kh2 Rxa3 34. Rd1 Ra4 35. Nd6 Kf8 36. f5 gxf5 37. Rf1 Ra1 38. Rxa1 Bxa1 39. Bf1
Be5 40. Nb5 f4 41. g4 Ke7 0-1

[Event "5. Int. Neckar-Open (B)"]
[Site "Deizisau"]
[Date "2001.04.14"]
[Round "4"]
[White "Wagner, Gerd"]
[Black "Distler, Carsten"]
[Result "1/2-1/2"]
[WhiteElo "1934"]
[BlackElo "1858"]
[PlyCount "49"]

1. c4 Nf6 2. Nc3 c5 3. Nf3 Nc6 4. d4 cxd4 5. Nxd4 g6 6. e4 d6 7. Be2 Bg7 8. Be3
Nd7 9. O-O O-O 10. Rc1 Nxd4 11. Bxd4 Bxd4 12. Qxd4 b6 13. f4 Bb7 14. Rcd1 f6
15. Bg4 h5 16. Be6+ Kh7 17. Bd5 Rb8 18. Qe3 Bc8 19. Nb5 a5 20. Nd4 Qe8 21. Ne6
Rh8 22. Bc6 Qg8 23. Bd5 Qe8 24. Bc6 Qg8 25. Bd5 1/2-1/2

[Event "5. Int. Neckar-Open (B)"]
[Site "Deizisau"]
[Date "2001.04.14"]
[Round "4"]
[White "Bogner, Norbert"]
[Black "Haeussermann, Ernst"]
[Result "1/2-1/2"]
[WhiteElo "1906"]
[BlackElo "1851"]
[PlyCount "88"]

1. d4 d6 2. c4 e5 3. dxe5 dxe5 4. Qxd8+ Kxd8 5. Nc3 c6 6. Nf3 Nd7 7. g3 Ngf6 8.
Bg2 Be7 9. a3 a5 10. b3 Kc7 11. Bb2 Re8 12. O-O Bd6 13. Na4 h6 14. c5 Bf8 15.
Rfc1 Nd5 16. e4 N5f6 17. Nd2 Nh7 18. b4 axb4 19. axb4 f6 20. Nc4 Ng5 21. Na5
Be7 22. h4 Ne6 23. Bh3 Nef8 24. Bf1 Ne6 25. Nb3 Rd8 26. Bc3 Ndf8 27. b5 Re8 28.
bxc6 bxc6 29. Ba5+ Kb8 30. Nb6 Ra7 31. Bb4 Bb7 32. Bc4 Rd8 33. Rxa7 Kxa7 34.
Ra1+ Kb8 35. Ba6 Bxa6 36. Rxa6 Nd4 37. Ra8+ Kb7 38. Rxd8 Bxd8 39. Nxd4 exd4 40.
Nc4 Bc7 41. f4 Ka6 42. Bd2 Kb5 43. Nd6+ Kxc5 44. Ne8 Kc4 1/2-1/2